000 00481cam a22001814a 4500
005 20250605164247.0
008 250528s ||||||||||||||||||||||||d
035 _a21562
020 _a9780324012286
040 _aGR-AtMCL
_bgre
_dGR-AtMCL
_eAACR2
245 1 _aCOST MANAGEMENT ACCOUNTING AND CONTROL INSTRUCTOR'S MANUAL
250 _a3
260 _bSouth-Western Publishing Co,
_c2000
700 1 _aHansen Don R
_91187
942 _cBK
999 _c6623
_d6623